根据百科猜泛地级行政区#6 - Chinese Prefectures by Description #6 - Statistics

General Stats
  • This quiz has been taken 9 times
  • The average score is 8 of 15
Answer Stats
描述 答案 % Correct
是皖南地区重要的综合交通枢纽,中国唯一的中国文房四宝之城 宣城
100%
有中国春秋淹城旅游区、茅山、中华恐龙园、天宁寺、 青果巷、天目湖、陈渡草堂等名胜古迹 常州
88%
是新疆的相对丰水区、素有北疆“水塔”之称;是全国六大林区之一, 同时被国务院确定为水源涵养型山地草原生态功能区,素以“金山银水”著称 阿勒泰
88%
是仅次于深圳的中国第二大口岸城市,拥有新一代信息技术、新能源、 集成电路、生物医药与健康四大主导产业 珠海
75%
是东北及内蒙东部最近的出海口,近海海域盛产海产品, 西部山区矿产资源丰富,其中钼、锌、金、石灰石等储量较大 葫芦岛
75%
是滇缅公路、滇藏公路交汇地,古为“蜀身毒道”和“茶马古道”的重要中转站 大理
63%
刘邦登基称帝、曹操成就霸业、……黄巢起义、宋江聚义、等都发生在〇〇 菏泽
50%
县内众多高山挡下来自太平洋的季风水汽,提供台湾丰富的雨水来源, 使台湾较同纬度的地区拥有更多的年降雨量 南投
50%
历经三千年城名、城址不变,有“屈贾之乡”“楚汉名城”“潇湘洙泗”之称 长沙
50%
因历史上设皇家驿站而得名,素有中原粮仓、中州油库、芝麻王国之称。 拥有粮食加工、油料加工及肉制品加工三大优势产业集群 驻马店
38%
建县时间不长,其前身新民县所辖地,历史上原是琼山、定安、澄迈三县的边区 屯昌
38%
是国家历史文化名城,既有昂昂溪文明,也有工业文明;既有民族 民俗文化和宗教文化,也有数百年的流人故居、站人故居等流人边塞文化 齐齐哈尔
38%
是伴随改革开放应运而生的一座新兴城市。…… 蒙西至天津南、晋北到江苏南京两条特高压输电通道纵横过境 朔州
25%
在宋代即为西南要会,明代即与成都、重庆三足鼎立,成为当时全国33个商业大都会之一 泸州
13%
以中医药产业、马铃薯精深加工业、有色冶金产业、新型建材业、 装备制造业、能源产业等六大支柱产业,有云计算、新能源、新材料等新兴产业 定西
0%
No matching quizzes found
Score Distribution
Percent of People with Each Score
Percentile by Number Answered
Your Score History
You have not taken this quiz